Catálogo

Diccionario interdisciplinar de hermenéutica / (Registro nro. 44444)

Detalles MARC
000 -LEADER
fixed length control field 01188cam a2200325 i 4500
001 - CONTROL NUMBER
control field 44444
003 - CONTROL NUMBER IDENTIFIER
control field Mx-PuUPA
005 - DATE AND TIME OF LATEST TRANSACTION
control field 20211014163158.0
008 - FIXED-LENGTH DATA ELEMENTS--GENERAL INFORMATION
fixed length control field 140415s2001 sp a r 000 0 spa d
020 ## - INTERNATIONAL STANDARD BOOK NUMBER
International Standard Book Number 847485475X
040 ## - CATALOGING SOURCE
Original cataloging agency MX-PuUPA
Language of cataloging spa
Description conventions rda
Transcribing agency Mx-PuUPA
Modifying agency Mx-PuUPA
041 0# - LANGUAGE CODE
Language code of text/sound track or separate title spa
245 10 - TITLE STATEMENT
Title Diccionario interdisciplinar de hermenéutica /
Statement of responsibility, etc. dirigido por Andrés Ortiz Osés y Patxi Lanceros ; autor, HG. Gadamer [y otros 20].
246 34 - VARYING FORM OF TITLE
Title proper/short title Diccionario interdisciplinar de hermenéutica :
Remainder of title una obra interdisciplinar para las ciencias humanas.
250 ## - EDITION STATEMENT
Edition statement 3a edición /
Remainder of edition statement revisada
264 #1 - PRODUCTION, PUBLICATION, DISTRIBUTION, MANUFACTURE, AND COPYRIGHT NOTICE
Place of production, publication, distribution, manufacture Bilbao :
Name of producer, publisher, distributor, manufacturer Universidad de Deusto,
Date of production, publication, distribution, manufacture, or copyright notice 2001
300 ## - PHYSICAL DESCRIPTION
Extent 862 páginas :
Other physical details ilustraciones ;
Dimensions 22 cm.
336 ## - CONTENT TYPE
Content type term texto
Fuente rdacontent
Content type code txt
337 ## - MEDIA TYPE
Media type term sin medio
Source rdamedia
Media type code n
338 ## - CARRIER TYPE
Carrier type term volumen
Source rdacarrier
Carrier type code nc
490 0# - SERIES STATEMENT
Series statement Filosofía ;
Volume/sequential designation 26
650 #4 - SUBJECT ADDED ENTRY--TOPICAL TERM
Topical term or geographic name entry element Hermenéutica
Form subdivision Diccionarios
650 #4 - SUBJECT ADDED ENTRY--TOPICAL TERM
Topical term or geographic name entry element Hermenéutica (Filosofía)
700 1# - ADDED ENTRY--PERSONAL NAME
Personal name Ortiz-Osés, Andrés,
Relator term director
700 1# - ADDED ENTRY--PERSONAL NAME
Personal name Lanceros, Patxi,
Relator term director
700 1# - ADDED ENTRY--PERSONAL NAME
Personal name Gadamer, HG.,
Relator term autor
942 ## - ADDED ENTRY ELEMENTS (KOHA)
Source of classification or shelving scheme Dewey Decimal Classification
Koha item type Libro
Classification part 121.68603
Item part D545
Existencias
Withdrawn status Lost status Source of classification or shelving scheme Damaged status Not for loan Collection code Home library Current library Shelving location Date acquired Source of acquisition Full call number Barcode Date last seen Price effective from Koha item type
    Dewey Decimal Classification     Referencia Biblioteca Karol Wojtyla Biblioteca Karol Wojtyla Área de silencio 03/12/2013 Compra 121.68603 D545 2001 66798 05/01/2026 14/07/2017 Libro R